[Event "Bhubaneswar op-A 14th"]
[Site "Bhubaneswar"]
[Date "2023.06.12"]
[Round "2"]
[White "Barseghyan, Armen Ar"]
[Black "Aarav, Sinha"]
[Result "1/2-1/2"]
[WhiteElo "2373"]
[BlackElo "1782"]
[PlyCount "207"]
[EventDate "2023.06.11"]
[EventType "swiss"]
[EventRounds "10"]
[EventCountry "IND"]
[SourceTitle "CBM 214 Extra"]
[Source "ChessBase"]
[SourceDate "2023.07.31"]
[SourceVersion "1"]
[SourceVersionDate "2023.07.31"]
[SourceQuality "1"]

1. d4 Nf6 2. Nf3 d5 3. c4 e6 4. e3 Be7 5. b3 0-0 6. Bd3 b6 7. 0-0 Bb7 8. Bb2 c5 9. Qe2 Nbd7 10. Rd1 Qc7 11. Nc3 Rad8 12. cxd5 exd5 13. Rac1 Qb8 14. dxc5 bxc5 15. Na4 Ne4 16. Bxe4 dxe4 17. Nd2 Ne5 18. Bxe5 Qxe5 19. Nc4 Qe6 20. Rxd8 Rxd8 21. Rd1 Rxd1+ 22. Qxd1 f5 23. h3 g6 24. Qd2 Bd5 25. Qc3 Bxc4 26. Qxc4 Qxc4 27. bxc4 Kf7 28. f3 exf3 29. gxf3 Ke6 30. Nc3 a6 31. Nd5 Bd8 32. Kf2 g5 33. f4 h6 34. Kf3 Ba5 35. Kf2 Bd8 36. Kg2 Kd6 37. Kf3 Ke6 38. Nc3 Bc7 39. Ne2 Bd8 40. Nc1 Bc7 41. Nd3 Bd6 42. Kg3 Kf6 43. h4 Kg6 44. hxg5 hxg5 45. Kf3 gxf4 46. Nxf4+ Kf6 47. Nd3 Ke6 48. e4 Bf8 49. Kf4 Bh6+ 50. Kf3 Bf8 51. Nf4+ Kf6 52. Nd5+ Ke5 53. exf5 Kxf5 54. Nc7 Ke5 55. Ke3 Kd6 56. Nd5 Bh6+ 57. Ke4 Bg7 58. Kf5 Bd4 59. Nf4 Be3 60. Nd3 Bd4 61. Nc1 Bb2 62. Nb3 Bc3 63. Kf4 Be5+ 64. Ke4 Bc3 65. Kf5 Bb2 66. Nd2 Bd4 67. Ne4+ Kd7 68. Ng5 Kd6 69. Ke4 Bf6 70. Nf3 Bc3 71. Kf5 Bb2 72. Ng5 Bd4 73. Kf4 Be5+ 74. Kg4 Bb2 75. Kf5 Bd4 76. Ne6 Bc3 77. Nf4 Ba1 78. Nh3 Bb2 79. Nf2 Bd4 80. Nd3 Bc3 81. Kg6 Bd4 82. Kf7 Bc3 83. Kg6 Bd4 84. Kg5 Bc3 85. Kf4 Ba1 86. Ke4 Bc3 87. Nc1 Bg7 88. Ne2 Be5 89. Ng1 Bf6 90. Nf3 Bc3 91. Ng5 Bf6 92. Nh3 Be5 93. Nf2 Bc3 94. Kf4 Bd4 95. Ne4+ Ke6 96. Ng5+ Kf6 97. Nf3 Bc3 98. Nh4 Ke6 99. Nf5 Bd2+ 100. Ke4 Bc3 101. Ne3 Kd6 102. Kd3 Bf6 103. Ng4 Bd4 104. Ke4 1/2-1/2

[Event "IND-ch 59th"]
[Site "New Delhi"]
[Date "2022.12.28"]
[Round "7"]
[White "Aarav, Sinha"]
[Black "Barbith, M Sangma1111"]
[Result "1-0"]
[WhiteElo "1854"]
[BlackElo "1664"]
[PlyCount "47"]
[EventDate "2022.12.22"]
[EventType "swiss"]
[EventRounds "13"]
[EventCountry "IND"]
[SourceTitle "CBM 211 Extra"]
[Source "ChessBase"]
[SourceDate "2023.01.31"]
[SourceVersion "1"]
[SourceVersionDate "2023.01.31"]
[SourceQuality "1"]

1. e4 c5 2. Nf3 d6 3. Bb5+ Bd7 4. Bxd7+ Qxd7 5. c4 Nc6 6. Nc3 Nf6 7. d4 cxd4 8. Nxd4 e6 9. 0-0 Be7 10. Be3 Rc8 11. Qe2 0-0 12. Rfd1 a6 13. b3 Qc7 14. Rac1 h6 15. f4 e5 16. Nf5 exf4 17. Bxf4 Ne5 18. h3 Rfe8 19. Qd2 Rcd8 20. Bxh6 Bf8 21. Bxg7 Bxg7 22. Qg5 Ng6 23. Nxg7 Nxe4 24. Nxe8 1-0

[Event "IND-ch 59th"]
[Site "New Delhi"]
[Date "2022.12.22"]
[Round "1"]
[White "Aarav, Sinha"]
[Black "Deepan Chakkravarthy, J."]
[Result "1/2-1/2"]
[WhiteElo "1854"]
[BlackElo "2457"]
[PlyCount "108"]
[EventDate "2022.12.22"]
[EventType "swiss"]
[EventRounds "13"]
[EventCountry "IND"]
[SourceTitle "CBM 211 Extra"]
[Source "ChessBase"]
[SourceDate "2023.01.31"]
[SourceVersion "1"]
[SourceVersionDate "2023.01.31"]
[SourceQuality "1"]

1. e4 d6 2. d4 g6 3. Nf3 Bg7 4. h3 c6 5. Bd3 Nd7 6. 0-0 a5 7. a4 Ngf6 8. c3 0-0 9. Be3 Ne8 10. Qd2 Nc7 11. Na3 e6 12. Bh6 Qe7 13. Bxg7 Kxg7 14. Rfe1 e5 15. Bf1 Nb6 16. Nc4 Nxc4 17. Bxc4 f6 18. Bb3 Be6 19. Bxe6 Nxe6 20. Rad1 Rad8 21. b4 Ra8 22. Qc2 Nf4 23. Qb3 Qf7 24. c4 exd4 25. Nxd4 axb4 26. Qg3 Ne6 27. Nxe6+ Qxe6 28. Rxd6 Qe5 29. Rd7+ Rf7 30. Rxf7+ Kxf7 31. Qd3 Rxa4 32. c5 Kg7 33. Qd7+ Kh6 34. Qd2+ g5 35. Qd8 Kg7 36. Qd7+ Kg6 37. Qxb7 Qc3 38. Rf1 Qxc5 39. Qb8 Ra7 40. Rb1 Kg7 41. Rxb4 Ra1+ 42. Kh2 Rd1 43. Rb7+ Kh6 44. Qc7 Qd6+ 45. Qxd6 Rxd6 46. Rc7 Kg6 47. g4 h5 48. Kg2 h4 49. Kh2 Rd2 50. Kg2 Rc2 51. Kg1 Rc3 52. Kg2 Rc1 53. Kh2 Rc4 54. Kg2 Rc1 1/2-1/2

[Event "Bikaner op 1st"]
[Site "Bikaner"]
[Date "2022.10.08"]
[Round "9"]
[White "Majumder, Shrayan"]
[Black "Aarav, Sinha"]
[Result "0-1"]
[WhiteElo "1789"]
[BlackElo "1888"]
[PlyCount "94"]
[EventDate "2022.10.01"]
[EventType "swiss"]
[EventRounds "10"]
[EventCountry "IND"]
[SourceTitle "CBM 210 Extra"]
[Source "ChessBase"]
[SourceDate "2022.11.30"]
[SourceVersion "1"]
[SourceVersionDate "2022.11.30"]
[SourceQuality "1"]

1. b3 e5 2. Bb2 Nc6 3. c4 Nf6 4. Nc3 d5 5. cxd5 Nxd5 6. g3 Be6 7. Bg2 Bc5 8. Nf3 f6 9. Rc1 Bb6 10. 0-0 0-0 11. Na4 Qe7 12. a3 Qf7 13. d3 Ne3 14. fxe3 Bxe3+ 15. Kh1 Bxb3 16. Qe1 Bxc1 17. Qxc1 Bxa4 18. Ng5 Qb3 19. Ne4 Qf7 20. Nc5 Bb3 21. Nxb7 Nd4 22. e3 Bd5 23. exd4 Bxg2+ 24. Kxg2 Qd5+ 25. Kh3 Qxb7 26. dxe5 fxe5 27. Bxe5 Rxf1 28. Qxf1 Rf8 29. Qc1 c6 30. d4 Qf7 31. Qxc6 Qf5+ 32. g4 Qf3+ 33. Qxf3 Rxf3+ 34. Kh4 Rxa3 35. Kg5 a5 36. Kf5 Kf7 37. h4 a4 38. h5 Ra1 39. d5 Rf1+ 40. Kg5 h6+ 41. Kh4 a3 42. d6 a2 43. d7 Rd1 44. g5 hxg5+ 45. Kxg5 Rxd7 46. h6 gxh6+ 47. Kxh6 Rd1 0-1